00677nam a22001697a 450000500170000002000230001703500220004003700130006210000190007524500590009426000420015330000220019594200240021799900170024195201190025895201300037720180823131108.0 a8170002834c650.00 aB-31116, B-031118 aDPLbENG aPaliwal, P. K. aCompendium of library administration /cby P K Paliwal aNew DelhibEss Ess Publicationsc2000 av, 305p.c20 cms. 2ddccENh025.1mPAL c63495d63495 001040708NFICaZLSbZLSd2012-02-27g650.00l0o025.1 PALpB-31116r2012-02-27 00:00:00v650.00w2012-02-27yEN 001040708NFICaBL4bBL4d2018-08-23eBPPD/PUBg650.00l0o025.1 PALpB-031118r2018-08-23 00:00:00v650.00w2018-08-23yEN